000 00790nas a2200253 4500
001 BR9206100
003 BR-BrBNA
005 20231205092904.0
007 ta
008 230509b bl.|||p| |||| 00| 00por d
040 _aBR-BrBNA
_bpor
_cBiblioteca Nacional de Agricultura
041 _a(Pt)
072 _aF01
100 1 _aSantos, H.P. dos
100 1 _aSattler, A.
245 1 _aEfeito do manejo de colheita sobre o rendimento de graos da colza
246 1 _aEffect of harvesting management on grain yield of rapeseed
650 _aCOLZA
650 _aCOLHEITA
650 _aRENDIMENTO
773 0 _tPesquisa Agropecuaria Brasileira (Brazil)
_xISSN 0100-204X
_g(Nov 1990), v. 25(11) p. 1585-1592
_wBR9206100
909 _a202311
_bLúcia
_c55
_dLúcia Elande
942 _2AGRIS
_n0
_cANA
999 _c134903
_d134903